Territorial Claims of Antarctica Quiz Stats

 Plays Quiz Updated Dec 2, 2015

Score 0/7 Timer 05:00
14 Plays Today
% Correct
Australia
90%
United Kingdom
89.7%
Argentina
87.1%
Chile
84.5%
New Zealand
82%
France
78.3%
Norway
67.5%

You're not logged in!

Compare scores with friends on all Sporcle quizzes.
OR
Log In

Show Comments

Extras

Top Quizzes Today


Score Distribution

Your Account Isn't Verified!

In order to create a playlist on Sporcle, you need to verify the email address you used during registration. Go to your Sporcle Settings to finish the process.

Report this User

Report this user for behavior that violates our Community Guidelines.

Details: